00460nam a22001577a 450000500170000001000150001702000260003203500140005803700130007208200130008510000170009824500780011526000340019327000510022730000240027820231110164945.0 aENG-135410 a9788193401545c280.00 aEN-118942 bDBAD/PUB a954.0841 aHabib, Irfan aThe National Movement:bOrigins and Early Phase, to 1918/cBy Irfan Habib aNew DelhibTulika Booksc2017 a44 First Floor, Shahpur JatbNew Delhie110049 aix, 121p.c25cm(hb)